000
00224 a2200097 4500
001
38404
100
_a
Bowman C
245
_a
Management in practice
260
_a
G Br
_b
Butter worth Heinemann
_c
1996
090
_c
24390
_d
24390
942
_a
NUST-CAE
_c
M
_c
15992
999
_c
273477
_d
273477